Hombre y libertad / (Registro nro. 2358)

Detalles MARC
000 -LEADER
fixed length control field 00691nam a2200217 a 4500
008 - CAMPO DE CONTROL (LIBRO)
fixed length control field 170301e1972 ag ||||f |||| 001 0 spa d
020 ## - INTERNATIONAL STANDARD BOOK NUMBER
ISBN S/N
041 ## - CODIGO DE IDIOMA
Código de idioma del texto/pista de sonido o título separado spa
092 ## - SIGNATURA TOPOGRAFICA DEWEY LOCAL
número de clasificación 171.6
libristica 24
sección FAR
100 1# - ENTRADA PRINCIPAL--NOMBRE PERSONAL
Nombre personal Farre, Luis
9 (RLIN) 3149
245 ## - TITULO PROPIAMENTE DICHO
Título Hombre y libertad /
Mención de responsabilidad y remanente de la transcripción de la portada Luis Farre
250 ## - MENCION DE EDICION
Mención de edición 1a ed.
260 ## - PIE DE IMPRENTA
Lugar de publicación, distribución, etc Buenos Aires:
Nombre de la editorial, distribuidor, etc Columba;
Fecha de publicación 1972.
300 ## - DESCRIPCION FISICA
Extension 125 p.
500 ## - NOTA GENERAL
Nota general Farre, L. (1972). Hombre y libertad. (1a ed.). Buenos Aires : Columba.
590 ## - NOTAS LOCALES (RLIN)
Nota local Donacion Dora Vera, febrero 2017.
653 ## - TÉRMINO INDIZADO - PALABRAS CLAVES
Palabra clave Sentido, fundamento y proceso de la libertad
653 ## - TÉRMINO INDIZADO - PALABRAS CLAVES
Palabra clave Reflexiones sobre la condicion libre
653 ## - TÉRMINO INDIZADO - PALABRAS CLAVES
Palabra clave Posibles objeciones, afianzamiento y conclusion
942 ## - ADDED ENTRY ELEMENTS (KOHA)
Source of classification or shelving scheme Dewey Decimal Classification
Item type Libros
Existencias
Estado de retiro Existencia Fuente de clasificación Estado general No para prestamo Colección Ubicación permanente ubicación actual Sala de ubicación Fecha de adquisición Fuente de adquisición Total Checkouts Número de clasificación Código de barras Date last seen Número de ejemplar Price effective from Koha tipo de elemento (item) Public note
    Dewey Decimal Classification     Non-fiction Biblioteca Medicina Biblioteca Medicina Circulación 01/03/2017 Donacion Dora Vera, febrero 2017   171.6 24 FAR 3784 01/03/2017 Ej.1 01/03/2017 Libros Donacion Dora Vera, febrero 2017.

UNIVERSIDAD NACIONAL DEL COMAHUE
Biblioteca de la Facultad de Ciencias Médicas
Sede Toschi: Los Arrayanes y Av. Toschi, Cipolletti  - Rio Negro
Sede Los Tordos:  Yrigoyen al 2211, Cipolletti - Rio Negro 

Teléfono: 0299 - 4774707 int 25
Contacto: biblioteca@facimed.uncoma.edu.ar
© 2011 - 2026